000 00410nam a2200181Ia 4500
001 2592
005 20260306144818.0
008 260306t1975||||xx |||||||||||||| ||spa||
041 _aESP
082 _a616.8917
_bC79
100 _aCoderch, Juan
_eAUT
245 0 _aPsiquiatría dinámica
260 _c1975
300 _a378 páginas :
_ccm.
650 _aGEN
654 _aCPS
942 _cLIB
_dJUS
_fJUS
_2ddc
_n
999 _c2592
_d2592